| 000 | 00580nam a2200145 a 4500 | ||
|---|---|---|---|
| 001 | 000043030 | ||
| 005 | 20201002040603.0 | ||
| 008 | 110415s2003 dr ac 000 0 spa d | ||
| 040 |
_aDO-SdBNP _bspa _cBNPHU |
||
| 082 |
_axxx _bC748j |
||
| 111 | 1 |
_aXII conferencia de primeras damas, esposas y representantes de jefes de estado y de gobierno de las Américas _n(12a, 15-16 octubre _d2003 _cSanto Domingo) _970558 |
|
| 245 | 1 | 0 |
_aRepública Dominicana : _bcomprometida con la juventud. |
| 260 |
_aSanto Domingo : _bDespacho de la Primera Dama, _c2003. |
||
| 300 |
_a96 p. : _bretr. ; _c28 cm. |
||
| 999 |
_c42519 _d42519 |
||